| 000 | 03012ncm0a2200445 4500 | ||
|---|---|---|---|
| 001 | RU\NLR\ONIZ\219541 | ||
| 005 | 20250626085133.0 | ||
| 013 | _a979-0-706395-26-5 | ||
| 021 |
_aRU _b17-193н _917-12н |
||
| 035 | _aRU\NLR\ONIZ\lanatalya\5000005304\20170908152125 | ||
| 035 | _a(NLR Aleph) 011535128 | ||
| 090 |
_a12165316 _c12165316 |
||
| 100 | _a20170908d2016 |||y0rusy50 ca | ||
| 101 | 0 | _arus | |
| 102 | _aRU | ||
| 125 | _azx | ||
| 145 | 0 | _ac | |
| 200 | 1 |
_aДружат дети всей земли _bНоты _eпроизв. для дет. и юнош. хора [ без сопровожд. и в сопровожд. фп.] _hЧ. 1 _iНародная музыка _fсост. Т. А. Жданова, Е. А. Дунаева, Т. И. Хайлова |
|
| 210 |
_aМосква _cРадость _d2016 |
||
| 215 |
_a151, [5] с. _cил. _d29 см |
||
| 300 | _aВ надзаг.: Моск. гор. комплекс. целевая программа воспитания молодёжи "Поют дети Москвы" | ||
| 313 | _aСистематизация документа проведена по изданию - Методика классифицирования музыкальных произведений (нотных изданий) по таблицам Библиотечно-библиографических классификаций : метод. рекомендации / Гос. б-ка СССР им. В.И. Ленина.- М., 1977. Индексу ББК методических рекомендаций присваивается код ББК для научных библиотек - LBC/SL | ||
| 327 | 1 | _aДружат дети всей Земли / Д. Львов-Компанеец ; сл. В. Викторова. Дружат дети на планете / Ю. Чичков ; сл. М. Пляцковского. Во кузнице : пляска с хором из оперы "В бурю" / Т. Хренников. Поппури на темы трёх популярных песен / Т. Жданова. Народные песни разных стран (23) | |
| 686 |
_aЩ941.8я43 _vLBC/SL _2rubbk |
||
| 686 |
_aЩ941.8-092я43 _vLBC/SL _2rubbk |
||
| 702 | 1 |
_9z04790 _aЖданова _bТ. А. _gТатьяна Александровна _4220 _7ca |
|
| 702 | 1 |
_9z05790 _aДунаева _bЕ. А. _gЕкатерина Александровна _4220 _7ca |
|
| 702 | 1 |
_9z06790 _aХайлова _bТ. И. _gТатьяна Ивановна _4220 |
|
| 790 | 1 |
_9z04702 _aŽdanova _bT. A. _gTat`jana Alksandrovna _4220 _7ba |
|
| 790 | 1 |
_9z05702 _aDunaeva _bE. A. _gEkaterina Aleksandrovna _4220 _7ba |
|
| 790 | 1 |
_9z06702 _aChajlova _bT. I. _gTat`jana Ivanovna _4220 _7ba |
|
| 801 | 0 |
_aRU _bNLR _c20170908 _gPSBO |
|
| 801 | 1 |
_aRU _bNLR _c20170908 _2rusmarc |
|
| 801 | 2 |
_aRU _bNLR _c20190921 |
|
| 852 |
_aNLR _bМ _j3/11722(1) _pМОЭ 2017-12н/193н _t1 |
||
| 852 |
_aNLR _bМ _j3/11722(1)а _pМОЭ 2017-12н/193на _t2 |
||
| 942 | _cSCORE | ||
| 980 | _aNB | ||
| 980 | _aONIZ | ||